| 000 | 00796cam a22002531 4500 | ||
|---|---|---|---|
| 001 | gs 34000100 | ||
| 003 | DLC | ||
| 005 | 20260227111338.0 | ||
| 008 | 821229s1934 dcuabe 000 0 eng | ||
| 010 | _ags 34000100 | ||
| 035 | _a(OCoLC)29098716 | ||
| 040 |
_aDLC _cMnU _dDLC |
||
| 042 | _apremarc | ||
| 043 | _an-us-id | ||
| 050 | 0 | 0 |
_aQE75 _b.C5 no. 9 |
| 051 |
_aTN413.I2 _bS45 _cCopy 2. |
||
| 100 | 1 |
_aShenon, Philip John, _d1897- |
|
| 245 | 0 | 0 | _aGeology and ore deposits of the Elk City, Orogrande, Buffalo Hump, |
| 260 |
_aWashington, _c1934. |
||
| 300 |
_a1 p.l., iv, 89 numb. l. _bincl. illus., maps. plans. pl. (fold. map) _c27 cm. |
||
| 650 | 0 |
_aGeology _zIdaho _zIdaho County. |
|
| 650 | 0 |
_aOre deposits _zIdaho _zIdaho County. |
|
| 700 | 1 |
_aReed, John Calvin, _d1905- _ejoint author. |
|
| 999 |
_c27090 _d27090 |
||